00509nam a2200157Ia 4500008004100000020001900041082001600060100002000076245006000096250001600156260003300172300001000205942001200215999001900227952010500246210430s9999 xx 000 0 und d a978-1259029455 a660 A9321 S aGeorge T Austin aShreve's Chemical Process Industries /cGeorge T Austin a5th edition aNew YorkbMcGraw Hill c1984 a859p. cBK2ddc c564234d564234 001040708NFICaSCMEbSCMEcGENd0007-05-12l0o660 A9321 SpSCME-3430r2021-04-30w2021-04-30yBK